| 000 | 00537nam a2200205 a 4500 | ||
|---|---|---|---|
| 999 |
_c4899 _d4899 |
||
| 001 | 4899 | ||
| 003 | BD-JhCC | ||
| 005 | 20171205123051.0 | ||
| 008 | 171205s1961 e |||| || | 000 0 eng d | ||
| 035 | _a(BD-JhCC)4899 | ||
| 040 |
_aBD-JhCC _dBD-JhCC |
||
| 041 | _aeng | ||
| 082 |
_a820 _bNAR 1961 |
||
| 245 |
_aNarrative Essays of To-day / _cJ. G. Bullocke M. A. (Editor) |
||
| 260 |
_aLondon : _bGeorge G. Harrap & Co. Ltd, _c1961. |
||
| 300 |
_a192 p. : _c18 cm. |
||
| 650 | _aEnglish Literature | ||
| 942 |
_2ddc _cBK |
||